Statistics for Most Guessed Common English Words A-Z

Click here to take the quiz!

General Stats

  • This quiz has been taken 1,228 times
  • The average score is 11 of 21

Answer Stats

% GuessedWord% Correct
97%A
99%
96%I
86%
91%Be
82%
74%Do
78%
76%No
72%
89%He
69%
51%Can
66%
71%Go
62%
96%The
59%
67%Me
56%
54%For
52%
82%You
51%
68%On
50%
78%We
43%
80%She
40%
47%Us
31%
16%Just
27%
37%Like
16%
10%Even
13%
20%Know
11%
14%People
6%

Score Distribution

Percentile by Number Answered

Percent of People with Each Score

Your Score History

You have not taken this quiz